000 00647nam a2200241Ia 4500
005 20260121112707.0
008 8048 260114s9999 xx 000 0 eng d
020 _a9789812703354
037 _aEBOOK
040 _aCRL
_beng
_cCRL
041 _aeng
_2eng
084 _qCRL
100 _aYang Chen Ning
_9961719
245 0 _aSelected Papers 1945-1980 of Chen Ning Yang With Commentary
260 _bWorld Scientific
260 _bWSPC
260 _c2005
650 _aPhysics
_9961720
856 _uhttps://www.worldscientific.com/worldscibooks/10.1142/5853#t=toc
942 _cEBOOK
999 _c1545348
_d1545348